000 00485cam a22001817a 4500
001 001968
003 armpunfd
005 20140612090655.0
008 060529e0####xx#a##########000#0#und#d
040 _aarmpunfd
_carmpunfd
080 _a342.7 AM87
100 1 0 _a Antinori, Rosio
245 1 0 _aIntegracion social del discapacitado y la realidad juridica
260 _a Seminario Interareas Ii
650 7 _a Discapacidad
_2LEMB
942 _cLB
_2cdu
945 _aCatalis
_d2010-08-19
999 _c1959
_d232463